[Event "4. Moscu Open 2008"]
[Site "Moscu RUS"]
[Date "2008.02.06"]
[Round "5.101"]
[White "Kalugin, Sergey V"]
[Black "Vakhlamov, Igor L"]
[Result "1-0"]
[WhiteElo "2377"]
[BlackElo "2068"]
[PlyCount "79"]
[EventDate "2008.02.02"]
[EventType "swiss"]
[EventRounds "9"]
[EventCountry "RUS"]
[Source "lmi"]
[SourceDate "2008.02.02"]

1. e4 c5 2. Nf3 Nc6 3. Bb5 g6 4. Bxc6 dxc6 5. d3 Bg7 6. Nbd2 Bg4 7. a4 Nf6 8.
O-O O-O 9. Qe2 Nd7 10. h3 Bxf3 11. Nxf3 Qc7 12. Nh2 e5 13. Rb1 Rae8 14. Bd2 f5
15. b4 cxb4 16. Rxb4 fxe4 17. dxe4 Kh8 18. a5 b6 19. axb6 axb6 20. Nf3 c5 21.
Rb3 Qc6 22. Qc4 Qe6 23. Qb5 Nf6 24. Re1 Rb8 25. Ng5 Qd7 26. Bc3 Qxb5 27. Rxb5
Nd7 28. Rd1 Rb7 29. Ne6 Re8 30. Rd6 Kg8 31. Rc6 Bf8 32. Ng5 Ra7 33. Rb3 Bh6 34.
Nf3 Kf7 35. Rd6 Ke7 36. Rd5 Kf8 37. Nxe5 Nf6 38. Nxg6+ hxg6 39. Bxf6 Rxe4 40.
Rxb6 1-0

[Event "4. Moscu Open 2008"]
[Site "Moscu RUS"]
[Date "2008.02.06"]
[Round "5.102"]
[White "Urjubdshzirov, Erdni"]
[Black "Fazulyanov, Sergey"]
[Result "1-0"]
[WhiteElo "2173"]
[BlackElo "2355"]
[PlyCount "57"]
[EventDate "2008.02.02"]
[EventType "swiss"]
[EventRounds "9"]
[EventCountry "RUS"]
[Source "lmi"]
[SourceDate "2008.02.02"]

1. e4 c5 2. Nc3 Nc6 3. Nge2 g6 4. d4 cxd4 5. Nxd4 Bg7 6. Nde2 Nf6 7. g3 O-O 8.
Bg2 d6 9. O-O Bd7 10. Nd5 Nxd5 11. exd5 Ne5 12. h3 Rc8 13. a4 Qb6 14. Ra2 Qc7
15. b3 f5 16. Re1 Rce8 17. Nd4 a6 18. c4 Nf7 19. Rae2 Bf6 20. Kh2 Kh8 21. Bb2
Kg8 22. f4 Rb8 23. Qd2 Nd8 24. Nf3 Bc8 25. Ng5 e5 26. fxe5 dxe5 27. Bxe5 Bxe5
28. Rxe5 Qd6 29. c5 1-0

[Event "4. Moscu Open 2008"]
[Site "Moscu RUS"]
[Date "2008.02.06"]
[Round "5.103"]
[White "Usov, Ilia Nik"]
[Black "Filipenko, Alexander V"]
[Result "1/2-1/2"]
[WhiteElo "2028"]
[BlackElo "2373"]
[PlyCount "44"]
[EventDate "2008.02.02"]
[EventType "swiss"]
[EventRounds "9"]
[EventCountry "RUS"]
[Source "lmi"]
[SourceDate "2008.02.02"]

1. e4 c5 2. Nf3 Nc6 3. c3 e5 4. Bb5 a6 5. Ba4 b5 6. Bc2 d6 7. h3 Nf6 8. O-O Be7
9. d4 Qc7 10. d5 Nd8 11. a4 Rb8 12. axb5 axb5 13. b3 O-O 14. Nbd2 g6 15. g4 Ne8
16. Kh2 Ng7 17. Rg1 f6 18. Nf1 Nf7 19. Ng3 Bd7 20. Be3 Ra8 21. Qb1 Ra7 22. Rxa7
Qxa7 1/2-1/2

[Event "4. Moscu Open 2008"]
[Site "Moscu RUS"]
[Date "2008.02.06"]
[Round "5.104"]
[White "Nakhapetiane, Pogos"]
[Black "Fomin, Vladimir"]
[Result "1-0"]
[WhiteElo "2442"]
[BlackElo "2242"]
[PlyCount "47"]
[EventDate "2008.02.02"]
[EventType "swiss"]
[EventRounds "9"]
[EventCountry "RUS"]
[Source "lmi"]
[SourceDate "2008.02.02"]

1. e4 g6 2. d4 Bg7 3. Nc3 d6 4. Be3 Nf6 5. Qd2 Ng4 6. Bg5 h6 7. Bh4 Nc6 8. f3
Nf6 9. O-O-O O-O 10. g4 a6 11. Nge2 b5 12. g5 hxg5 13. Bxg5 e5 14. dxe5 Nxe5
15. Qf4 Be6 16. b3 Ned7 17. Ng3 Qc8 18. Bh6 b4 19. Nce2 a5 20. Nd4 Nc5 21. Bxg7
Kxg7 22. Ngf5+ Bxf5 23. Nxf5+ gxf5 24. Qg5+ 1-0

[Event "4. Moscu Open 2008"]
[Site "Moscu RUS"]
[Date "2008.02.06"]
[Round "5.105"]
[White "Lebedev, Sergey"]
[Black "Inants, Aghasi"]
[Result "0-1"]
[WhiteElo "2590"]
[BlackElo "2241"]
[PlyCount "98"]
[EventDate "2008.02.02"]
[EventType "swiss"]
[EventRounds "9"]
[EventCountry "RUS"]
[Source "lmi"]
[SourceDate "2008.02.02"]

1. d4 Nf6 2. c4 e6 3. g3 c5 4. d5 exd5 5. cxd5 d6 6. Bg2 g6 7. Nf3 Bg7 8. O-O
O-O 9. Nc3 a6 10. a4 Re8 11. Nd2 Nbd7 12. h3 b6 13. Nc4 Ne5 14. Na3 Qc7 15. Kh2
Rb8 16. Re1 Ned7 17. e3 Nf8 18. f4 N6d7 19. e4 Bb7 20. Be3 Bc8 21. Ra2 f5 22.
exf5 gxf5 23. Qd3 Nf6 24. b3 Qd7 25. Bf2 Bb7 26. Rxe8 Nxe8 27. Nd1 Bc8 28. Ne3
Ng6 29. Be1 Nc7 30. Bc3 Bxc3 31. Qxc3 Qg7 32. Qd2 b5 33. Nac2 b4 34. Nc4 Qf6
35. N2e3 Bd7 36. Qd3 Ne7 37. Rd2 Kh8 38. Na5 Rg8 39. Re2 Qg6 40. Nf1 Qf7 41.
Nb7 Nc8 42. Nd2 Nb5 43. axb5 Bxb5 44. Nxd6 Nxd6 45. Nc4 Bxc4 46. bxc4 a5 47.
Ra2 Ra8 48. Qe3 Nxc4 49. Qxc5 b3 0-1

[Event "4. Moscu Open 2008"]
[Site "Moscu RUS"]
[Date "2008.02.06"]
[Round "5.106"]
[White "Omariev, Maksim"]
[Black "Losev, Dmitry"]
[Result "1-0"]
[WhiteElo "2242"]
[BlackElo "2344"]
[PlyCount "73"]
[EventDate "2008.02.02"]
[EventType "swiss"]
[EventRounds "9"]
[EventCountry "RUS"]
[Source "lmi"]
[SourceDate "2008.02.02"]

1. e4 c5 2. Nf3 d6 3. d4 cxd4 4. Nxd4 Nf6 5. Nc3 e6 6. g4 h6 7. Bg2 Nc6 8. h3
Bd7 9. Be3 Be7 10. Qe2 a6 11. O-O-O Qc7 12. f4 Rc8 13. Bf3 g5 14. fxg5 hxg5 15.
Nxc6 Bxc6 16. Bxg5 Nxe4 17. Bxe4 Bxg5+ 18. Kb1 Bf6 19. Bxc6+ Qxc6 20. Nd5 Be5
21. Nb4 Qc4 22. Nd3 Bg7 23. h4 d5 24. Rde1 Rc6 25. Rhf1 Rb6 26. Qf2 Qc7 27. h5
Rh6 28. Qf3 Rf6 29. Qxf6 Bxf6 30. Rxf6 Qg3 31. h6 Qxg4 32. Rh1 Qe4 33. Rff1 Qh7
34. Ne5 Rb4 35. Nxf7 Rg4 36. Nd6+ Kd8 37. Rf8+ 1-0

[Event "4. Moscu Open 2008"]
[Site "Moscu RUS"]
[Date "2008.02.06"]
[Round "5.107"]
[White "Tjurins, Ilja"]
[Black "Kachar, Vladimir"]
[Result "0-1"]
[WhiteElo "2193"]
[BlackElo "2342"]
[PlyCount "86"]
[EventDate "2008.02.02"]
[EventType "swiss"]
[EventRounds "9"]
[EventCountry "RUS"]
[Source "lmi"]
[SourceDate "2008.02.02"]

1. d4 Nf6 2. c4 e6 3. Nf3 d5 4. g3 c6 5. Bg2 Bb4+ 6. Bd2 Be7 7. b3 O-O 8. O-O
b6 9. Bc3 Ne4 10. Bb2 Nd7 11. Nfd2 Nxd2 12. Qxd2 a5 13. Ba3 Ba6 14. Re1 Nf6 15.
Bxe7 Qxe7 16. Nc3 dxc4 17. Bxc6 Rac8 18. Bg2 Rfd8 19. Rab1 b5 20. bxc4 b4 21.
Ne4 Nxe4 22. Bxe4 Bxc4 23. Qb2 Bd5 24. Bxd5 exd5 25. Qb3 Rc3 26. Qa4 Ra3 27.
Qc2 g6 28. Rb3 Rxb3 29. axb3 Re8 30. e3 h5 31. Ra1 Qe6 32. Ra4 Rc8 33. Qd1 Qf5
34. Rxa5 Rc2 35. Qf1 Rb2 36. Ra1 Rxb3 37. Qe2 Rb1+ 38. Rxb1 Qxb1+ 39. Kg2 b3
40. Qb5 b2 41. Qb8+ Kh7 42. Qb7 Kg7 43. Qxd5 Qf5 0-1

[Event "4. Moscu Open 2008"]
[Site "Moscu RUS"]
[Date "2008.02.06"]
[Round "5.108"]
[White "Mishin, Alexei"]
[Black "Liberzon, Roman"]
[Result "1-0"]
[WhiteElo "2340"]
[BlackElo "2240"]
[PlyCount "55"]
[EventDate "2008.02.02"]
[EventType "swiss"]
[EventRounds "9"]
[EventCountry "RUS"]
[Source "lmi"]
[SourceDate "2008.02.02"]

1. e4 c6 2. d4 g6 3. c3 Bg7 4. Bd3 d5 5. Nd2 Nh6 6. Ngf3 O-O 7. O-O f6 8. Re1
Nf7 9. c4 e6 10. b3 dxc4 11. Nxc4 b5 12. Ne3 a6 13. a4 Bb7 14. Ba3 Re8 15. Qc2
Nd7 16. Rad1 Rc8 17. h4 Qc7 18. h5 g5 19. e5 h6 20. Bh7+ Kh8 21. Bg6 Nf8 22.
exf6 Bxf6 23. Ng4 Bg7 24. Nfe5 Nxe5 25. Nxe5 Bxe5 26. Bxe8 Bh2+ 27. Kh1 Rxe8
28. Bxf8 1-0

[Event "4. Moscu Open 2008"]
[Site "Moscu RUS"]
[Date "2008.02.06"]
[Round "5.109"]
[White "Leontiev, Aleksandr V"]
[Black "Guerrero, Juan Carlos"]
[Result "0-1"]
[WhiteElo "2330"]
[BlackElo "2196"]
[PlyCount "56"]
[EventDate "2008.02.02"]
[EventType "swiss"]
[EventRounds "9"]
[EventCountry "RUS"]
[Source "lmi"]
[SourceDate "2008.02.02"]

1. c4 Nf6 2. Nc3 c5 3. Nf3 b6 4. d4 e6 5. d5 exd5 6. cxd5 d6 7. e4 g6 8. Nd2
Bg7 9. Nc4 O-O 10. Bf4 b5 11. Nxb5 Nxe4 12. Bd3 a6 13. Nba3 Nf6 14. O-O Nxd5
15. Be4 Nxf4 16. Bxa8 d5 17. Qf3 Qg5 18. Ne3 Nd7 19. Rab1 Ne5 20. Nxd5 Bg4 21.
Qe3 Nd7 22. Nc4 Be2 23. Qg3 Qxg3 24. hxg3 Bxc4 25. gxf4 Rxa8 26. Rfd1 Bd4 27.
Nb4 Nf6 28. Nc2 Bxa2 0-1

[Event "4. Moscu Open 2008"]
[Site "Moscu RUS"]
[Date "2008.02.06"]
[Round "5.110"]
[White "Polschikov, Alexey"]
[Black "Yudin, Ivan"]
[Result "1/2-1/2"]
[WhiteElo "2330"]
[BlackElo "2176"]
[PlyCount "58"]
[EventDate "2008.02.02"]
[EventType "swiss"]
[EventRounds "9"]
[EventCountry "RUS"]
[Source "lmi"]
[SourceDate "2008.02.02"]

1. e4 c5 2. Nf3 d6 3. d4 cxd4 4. Nxd4 Nf6 5. Nc3 a6 6. Be3 e6 7. f4 Nbd7 8. Be2
b5 9. Bf3 Bb7 10. e5 Bxf3 11. Qxf3 dxe5 12. Nc6 Qc7 13. fxe5 Rc8 14. exf6 Qxc6
15. fxg7 Bxg7 16. Qxc6 Rxc6 17. O-O-O Bxc3 18. bxc3 Ke7 19. Rhf1 Rhc8 20. Bd2
Nb6 21. Rf3 Nd5 22. Kb2 h5 23. Rh3 a5 24. Rxh5 b4 25. cxb4 Rxc2+ 26. Kb1 axb4
27. Rc1 Rxc1+ 28. Bxc1 Nc3+ 29. Kb2 Ra8 1/2-1/2

[Event "4. Moscu Open 2008"]
[Site "Moscu RUS"]
[Date "2008.02.06"]
[Round "5.111"]
[White "Romanko, Marina"]
[Black "Novikov, Valeri"]
[Result "1-0"]
[WhiteElo "2322"]
[BlackElo "2143"]
[PlyCount "69"]
[EventDate "2008.02.02"]
[EventType "swiss"]
[EventRounds "9"]
[EventCountry "RUS"]
[Source "lmi"]
[SourceDate "2008.02.02"]

1. d4 d5 2. c4 c6 3. Nf3 Nf6 4. Nc3 g6 5. cxd5 cxd5 6. Bf4 Bg7 7. e3 O-O 8. Qa4
Qb6 9. Qa3 Nc6 10. Bb5 Ne4 11. Bxc6 bxc6 12. O-O Nd6 13. b3 Rd8 14. Na4 Qa5 15.
Rfc1 Bb7 16. Rc5 Qa6 17. Qb4 Qd3 18. Ra5 Bc8 19. Ne5 Bxe5 20. Bxe5 f6 21. Bg3
Qf5 22. Nb6 Rb8 23. Rxa7 Be6 24. Rxe7 Ne4 25. Qa5 c5 26. Qa7 g5 27. Bxb8 Qxf2+
28. Kh1 Bf5 29. Nxd5 Qb2 30. Re1 Qd2 31. Bg3 Nxg3+ 32. hxg3 Qxe1+ 33. Kh2 Rf8
34. Rg7+ Kh8 35. Qe7 1-0

[Event "4. Moscu Open 2008"]
[Site "Moscu RUS"]
[Date "2008.02.06"]
[Round "5.112"]
[White "Onoprienko, Vladimir"]
[Black "Krivolapov, Vasily"]
[Result "1-0"]
[WhiteElo "2318"]
[BlackElo "2135"]
[PlyCount "55"]
[EventDate "2008.02.02"]
[EventType "swiss"]
[EventRounds "9"]
[EventCountry "RUS"]
[Source "lmi"]
[SourceDate "2008.02.02"]

1. e4 e5 2. Nf3 Nf6 3. d4 Nxe4 4. dxe5 d5 5. Bd3 Be7 6. O-O O-O 7. Nc3 Bf5 8.
Nd4 Bg6 9. Qf3 Nxc3 10. bxc3 Nd7 11. Bxg6 hxg6 12. Qxd5 c6 13. Qe4 Nc5 14. Qe2
Qd5 15. Rd1 Rfe8 16. Nf3 Qe6 17. Be3 Na4 18. Qe1 c5 19. h4 Qc4 20. Rd7 b6 21.
Rad1 Bxh4 22. Bg5 Bxg5 23. Nxg5 f6 24. Nf7 Nxc3 25. R1d3 Nb5 26. Rh3 Qxf7 27.
Rxf7 Kxf7 28. Qe4 1-0

[Event "4. Moscu Open 2008"]
[Site "Moscu RUS"]
[Date "2008.02.06"]
[Round "5.113"]
[White "Gritsenko, Andrey"]
[Black "Sychev, Klementy"]
[Result "1-0"]
[WhiteElo "2317"]
[BlackElo "2122"]
[PlyCount "61"]
[EventDate "2008.02.02"]
[EventType "swiss"]
[EventRounds "9"]
[EventCountry "RUS"]
[Source "lmi"]
[SourceDate "2008.02.02"]

1. e4 c5 2. Nf3 d6 3. d4 cxd4 4. Nxd4 Nf6 5. Nc3 a6 6. Be3 e6 7. g4 h6 8. f3 b5
9. Qd2 Bb7 10. O-O-O Nbd7 11. h4 b4 12. Na4 d5 13. Bh3 Qa5 14. b3 Nc5 15. g5
Nxa4 16. bxa4 Nd7 17. g6 Nc5 18. gxf7+ Kxf7 19. Nb3 Qc7 20. Nxc5 Bxc5 21. Bxc5
Qxc5 22. Qf4+ Ke7 23. Qe5 Qc3 24. Qxe6+ Kf8 25. Qd6+ Kg8 26. Be6+ Kh7 27. Bf5+
Kg8 28. Kb1 b3 29. axb3 Re8 30. Bg6 Qe5 31. Qd7 1-0

[Event "4. Moscu Open 2008"]
[Site "Moscu RUS"]
[Date "2008.02.06"]
[Round "5.114"]
[White "Loginov, Anton"]
[Black "Shumilina, Alexandra"]
[Result "1-0"]
[WhiteElo "2231"]
[BlackElo "2317"]
[PlyCount "71"]
[EventDate "2008.02.02"]
[EventType "swiss"]
[EventRounds "9"]
[EventCountry "RUS"]
[Source "lmi"]
[SourceDate "2008.02.02"]

1. d4 d5 2. c4 c6 3. Nf3 Nf6 4. Qc2 dxc4 5. Qxc4 Bf5 6. g3 e6 7. Bg2 Nbd7 8.
O-O Bd6 9. Nc3 O-O 10. Nh4 Bg6 11. Nxg6 hxg6 12. f4 Nb6 13. Qb3 c5 14. dxc5
Bxc5+ 15. Kh1 Qe7 16. e4 Ng4 17. Qc2 e5 18. Qe2 Nf6 19. fxe5 Nfd7 20. Nd5 Nxd5
21. exd5 Qxe5 22. Qb5 Rfd8 23. Bf4 Qd4 24. Rad1 Qb4 25. Qxb4 Bxb4 26. Bc7 Re8
27. a3 Bc5 28. b4 Bb6 29. d6 Re2 30. Rfe1 Rae8 31. Rxe2 Rxe2 32. Bxb7 Rc2 33.
Bxb6 axb6 34. h4 Ra2 35. Bc6 Ne5 36. b5 1-0

[Event "4. Moscu Open 2008"]
[Site "Moscu RUS"]
[Date "2008.02.06"]
[Round "5.115"]
[White "Kaljaev, Viacheslav"]
[Black "Moiseev, Gumar"]
[Result "0-1"]
[WhiteElo "2137"]
[BlackElo "2310"]
[PlyCount "87"]
[EventDate "2008.02.02"]
[EventType "swiss"]
[EventRounds "9"]
[EventCountry "RUS"]
[Source "lmi"]
[SourceDate "2008.02.02"]

1. e4 e5 2. Nf3 d5 3. Nc3 d4 4. Ne2 Bd6 5. Ng3 h5 6. h4 Bg4 7. Be2 Nc6 8. d3
Qd7 9. Bd2 g6 10. a3 f6 11. Nh2 Be6 12. c3 Nge7 13. c4 Nd8 14. b4 c5 15. O-O
Nf7 16. bxc5 Bxc5 17. Nf3 Nc6 18. Ne1 f5 19. exf5 gxf5 20. Nxh5 O-O-O 21. g3
Qe7 22. Ng2 Rdg8 23. Bb4 Bxb4 24. axb4 Qxb4 25. Nf6 Rd8 26. Bf3 e4 27. dxe4
Bxc4 28. exf5 Nfe5 29. Bxc6 Nxc6 30. Re1 d3 31. Re4 d2 32. Ne3 Bb3 33. Qg4 Qc3
34. Rb1 Qc1+ 35. Rxc1 dxc1=Q+ 36. Kg2 Rhf8 37. Nh7 Rg8 38. Ng5 Bd1 39. Qf4 Bb3
40. f6 Qc5 41. Nc4 Bxc4 42. Rxc4 Qd6 43. f7 Rgf8 44. Nh7 0-1

[Event "4. Moscu Open 2008"]
[Site "Moscu RUS"]
[Date "2008.02.06"]
[Round "5.116"]
[White "Zakharchenko, Arnold"]
[Black "Markevich, Arseniy"]
[Result "0-1"]
[WhiteElo "2309"]
[BlackElo "2054"]
[PlyCount "46"]
[EventDate "2008.02.02"]
[EventType "swiss"]
[EventRounds "9"]
[EventCountry "RUS"]
[Source "lmi"]
[SourceDate "2008.02.02"]

1. c4 c6 2. e4 e5 3. Nf3 Nf6 4. Nc3 Bb4 5. Qb3 Qe7 6. Be2 O-O 7. O-O Bxc3 8.
Qxc3 Nxe4 9. Qe3 d5 10. d3 Nd6 11. cxd5 cxd5 12. Qc5 e4 13. Nd4 Qe5 14. f4 exf3
15. Bxf3 Be6 16. Bf4 Qxf4 17. Nxe6 fxe6 18. Bxd5 Qe5 19. Rxf8+ Kxf8 20. Rf1+
Kg8 21. Qf2 Nd7 22. Bxb7 Rf8 23. Bf3 Nb5 0-1

[Event "4. Moscu Open 2008"]
[Site "Moscu RUS"]
[Date "2008.02.06"]
[Round "5.117"]
[White "Grechihin, Valery"]
[Black "Kreines, Mikhail"]
[Result "1-0"]
[WhiteElo "2306"]
[BlackElo "2050"]
[PlyCount "106"]
[EventDate "2008.02.02"]
[EventType "swiss"]
[EventRounds "9"]
[EventCountry "RUS"]
[Source "lmi"]
[SourceDate "2008.02.02"]

1. e4 e5 2. Nf3 Nf6 3. Nc3 Bb4 4. d3 d5 5. exd5 Qxd5 6. Bd2 Bxc3 7. Bxc3 Nc6 8.
Be2 O-O 9. O-O Bg4 10. h3 Bxf3 11. Bxf3 Qd6 12. Re1 Rad8 13. Bxc6 Qxc6 14. Bxe5
Rfe8 15. Qd2 Re6 16. Re2 Ne4 17. Qf4 Nc5 18. Rae1 Rde8 19. Qd2 Rg6 20. Bg3 Rxe2
21. Rxe2 h5 22. Qf4 Ne6 23. Qe4 Qb6 24. Be5 Ng5 25. Qe3 Qc6 26. Kf1 Qd5 27. f4
Nh7 28. c4 Qa5 29. a3 Re6 30. Qd4 Qa4 31. f5 Re8 32. Re1 Qa5 33. Qc3 Qb6 34.
Bd4 Rxe1+ 35. Kxe1 Qc6 36. Qd2 b6 37. b4 Qd6 38. Qe3 Nf8 39. Qe5 Qh6 40. Be3
Qc6 41. Kf2 Qa4 42. Qc3 Nd7 43. b5 c5 44. bxc6 Qxc6 45. Bd4 f6 46. Qb4 Qc7 47.
Qd2 Ne5 48. Qe3 Qd7 49. Bxe5 Qxf5+ 50. Bf4 g5 51. Qe4 Qxe4 52. dxe4 gxf4 53.
Kf3 Kf7 1-0

[Event "4. Moscu Open 2008"]
[Site "Moscu RUS"]
[Date "2008.02.06"]
[Round "5.118"]
[White "Musaev, Mansur"]
[Black "Gvilava, Maya"]
[Result "1/2-1/2"]
[WhiteElo "2303"]
[BlackElo "2039"]
[PlyCount "34"]
[EventDate "2008.02.02"]
[EventType "swiss"]
[EventRounds "9"]
[EventCountry "RUS"]
[Source "lmi"]
[SourceDate "2008.02.02"]

1. e4 c5 2. Nf3 Nc6 3. d4 cxd4 4. Nxd4 Nf6 5. Nc3 d6 6. f3 e5 7. Nb3 Be7 8. Be2
O-O 9. Qd2 a5 10. Bb5 Na7 11. Bc4 Bd7 12. a4 Nc8 13. Qf2 Qc7 14. Bd5 Bd8 15.
O-O Ne7 16. Kh1 Nfxd5 17. exd5 Nf5 1/2-1/2

[Event "4. Moscu Open 2008"]
[Site "Moscu RUS"]
[Date "2008.02.06"]
[Round "5.119"]
[White "Yeo, Michael J"]
[Black "Nguyen, Viet Tuong"]
[Result "1/2-1/2"]
[WhiteElo "2110"]
[BlackElo "2301"]
[PlyCount "24"]
[EventDate "2008.02.02"]
[EventType "swiss"]
[EventRounds "9"]
[EventCountry "RUS"]
[Source "lmi"]
[SourceDate "2008.02.02"]

1. e4 c5 2. Nf3 Nc6 3. d4 cxd4 4. Nxd4 g6 5. Nc3 Bg7 6. Be3 Nf6 7. Bc4 Qa5 8.
O-O d6 9. h3 O-O 10. Bb3 Bd7 11. f4 Rad8 12. Qf3 Nd5 1/2-1/2

[Event "4. Moscu Open 2008"]
[Site "Moscu RUS"]
[Date "2008.02.06"]
[Round "5.120"]
[White "Mamedov, Elshad"]
[Black "Yarysh, Grigorij"]
[Result "0-1"]
[WhiteElo "2099"]
[BlackElo "2294"]
[PlyCount "60"]
[EventDate "2008.02.02"]
[EventType "swiss"]
[EventRounds "9"]
[EventCountry "RUS"]
[Source "lmi"]
[SourceDate "2008.02.02"]

1. c3 Nf6 2. Qa4 c6 3. h3 e5 4. d3 d5 5. g4 Be6 6. Nd2 Nbd7 7. Qc2 Be7 8. Ngf3
Qb6 9. Bg2 h6 10. Nf1 c5 11. Ng3 O-O-O 12. e4 c4 13. dxc4 dxe4 14. Nh2 Nc5 15.
b3 Nd3+ 16. Kf1 Bc5 17. Nxe4 Nxe4 18. Bxe4 Nxf2 19. b4 Bxc4+ 20. Kg2 Nxe4 21.
bxc5 Qxc5 22. Nf3 Bd5 23. c4 Qc6 24. Be3 Qc7 25. Qa4 Bc6 26. Qxa7 Ng5 27. Qa8+
Kd7 28. Qa3 Nxf3 29. Kf2 Nd4 30. Rhd1 Qd6 0-1

[Event "4. Moscu Open 2008"]
[Site "Moscu RUS"]
[Date "2008.02.06"]
[Round "5.121"]
[White "Samedov, ALim"]
[Black "Kurdakov, Yuri"]
[Result "0-1"]
[WhiteElo "2094"]
[BlackElo "2286"]
[PlyCount "84"]
[EventDate "2008.02.02"]
[EventType "swiss"]
[EventRounds "9"]
[EventCountry "RUS"]
[Source "lmi"]
[SourceDate "2008.02.02"]

1. d4 e6 2. Nf3 Nf6 3. Bg5 h6 4. Bh4 b5 5. e3 c5 6. c3 b4 7. c4 Bb7 8. Nbd2 Be7
9. Bxf6 Bxf6 10. Nb3 cxd4 11. exd4 d6 12. Be2 O-O 13. O-O a5 14. Qc2 a4 15.
Nbd2 Nc6 16. Qd3 Qb6 17. Ne4 Bxd4 18. Nxd4 Nxd4 19. Rfc1 Bxe4 20. Qxe4 Qc5 21.
Bd3 f5 22. Qe3 a3 23. b3 Rad8 24. Rd1 e5 25. f3 Nxf3+ 26. Kf2 Ng5 27. Qxc5 dxc5
28. Bc2 Rd4 29. Rxd4 exd4 30. Re1 Ne4+ 31. Kf3 Re8 32. Kf4 g5+ 33. Kf3 Nd2+ 34.
Kf2 Rxe1 35. Kxe1 Ne4 36. Bxe4 fxe4 37. g4 Kf7 38. Ke2 Kf6 39. Kf2 Ke5 40. Kg3
d3 41. Kf2 Kd4 42. Kg3 d2 0-1

[Event "4. Moscu Open 2008"]
[Site "Moscu RUS"]
[Date "2008.02.06"]
[Round "5.122"]
[White "Pletnev, Evgeniy"]
[Black "Bochkov, Mikhail"]
[Result "1-0"]
[WhiteElo "2285"]
[BlackElo "2314"]
[PlyCount "56"]
[EventDate "2008.02.02"]
[EventType "swiss"]
[EventRounds "9"]
[EventCountry "RUS"]
[Source "lmi"]
[SourceDate "2008.02.02"]

1. d4 Nf6 2. Bg5 Ne4 3. Bf4 d5 4. f3 Nf6 5. e4 dxe4 6. Nc3 c6 7. fxe4 g6 8. Nf3
Bg7 9. Qd2 O-O 10. h3 b5 11. a3 a5 12. d5 cxd5 13. exd5 Ba6 14. Rd1 b4 15. axb4
axb4 16. Nb5 Nh5 17. Bh2 Bxb5 18. Bxb5 Qa5 19. Qe2 Bxb2 20. O-O Qb6+ 21. Kh1
Ra5 22. Bc4 Qa7 23. Ne5 Bxe5 24. Qxe5 Qc5 25. Bb3 Nd7 26. Qe2 Rfa8 27. d6 exd6
28. Bxd6 Nb6 1-0

[Event "4. Moscu Open 2008"]
[Site "Moscu RUS"]
[Date "2008.02.06"]
[Round "5.123"]
[White "Polonsky, Pavel"]
[Black "Djuraev, Sokhib"]
[Result "0-1"]
[WhiteElo "2101"]
[BlackElo "2283"]
[PlyCount "94"]
[EventDate "2008.02.02"]
[EventType "swiss"]
[EventRounds "9"]
[EventCountry "RUS"]
[Source "lmi"]
[SourceDate "2008.02.02"]

1. d4 d6 2. Nf3 g6 3. c4 Bg7 4. Nc3 Bg4 5. Bf4 c6 6. e3 Nd7 7. Be2 Ngf6 8. O-O
Nh5 9. Bg3 Nxg3 10. hxg3 O-O 11. Rc1 Qa5 12. Ne1 Bxe2 13. Qxe2 Rac8 14. Nc2 Nf6
15. b4 Qg5 16. Rfd1 a5 17. a3 axb4 18. axb4 Ra8 19. Ra1 Rfe8 20. Qd3 e5 21. Ne4
Nxe4 22. Qxe4 f5 23. Qd3 e4 24. Qc3 Qh5 25. Qe1 Rab8 26. Ra7 d5 27. cxd5 cxd5
28. Rc1 g5 29. Qd1 Qxd1+ 30. Rxd1 Kf7 31. Rda1 Ke6 32. Kf1 Rec8 33. R1a2 Bf6
34. Ke2 Bd8 35. Kd2 Bb6 36. R7a3 h5 37. Ra1 h4 38. gxh4 gxh4 39. Rh1 Rh8 40.
Raa1 Rbg8 41. Rh2 Bc7 42. g3 hxg3 43. Rxh8 Rxh8 44. fxg3 Bxg3 45. Ra7 f4 46.
exf4 Bxf4+ 47. Kc3 Rh7 0-1

[Event "4. Moscu Open 2008"]
[Site "Moscu RUS"]
[Date "2008.02.06"]
[Round "5.125"]
[White "Chizhikov, Vladislav"]
[Black "Kostin, Alexey"]
[Result "1/2-1/2"]
[WhiteElo "2590"]
[BlackElo "2389"]
[PlyCount "73"]
[EventDate "2008.02.02"]
[EventType "swiss"]
[EventRounds "9"]
[EventCountry "RUS"]
[Source "lmi"]
[SourceDate "2008.02.02"]

1. e4 c5 2. Nf3 e6 3. d4 cxd4 4. Nxd4 a6 5. Nc3 Qc7 6. Bd3 Nc6 7. Be3 Nf6 8.
O-O Bd6 9. h3 Bf4 10. Qd2 Bxe3 11. Qxe3 Qb6 12. Nf5 Qxe3 13. Nxe3 d6 14. Nc4
Ke7 15. Nb6 Rb8 16. f4 Rd8 17. Rae1 Nd7 18. Nca4 h6 19. c3 Nc5 20. Nxc5 dxc5
21. Rd1 Bd7 22. Kf2 Be8 23. Ke3 f6 24. Be2 Rxd1 25. Rxd1 Rd8 26. Rxd8 Nxd8 27.
b4 cxb4 28. cxb4 Bb5 29. Bxb5 axb5 30. Kd4 Kd6 31. e5+ Kc6 32. Nc8 f5 33. Nd6
g6 34. g3 g5 35. h4 gxh4 36. gxh4 Kb6 37. a3 1/2-1/2

[Event "4. Moscu Open 2008"]
[Site "Moscu RUS"]
[Date "2008.02.06"]
[Round "5.126"]
[White "Kruglov, Viktor"]
[Black "Neshkov, Vladislav"]
[Result "0-1"]
[WhiteElo "2336"]
[BlackElo "2180"]
[PlyCount "111"]
[EventDate "2008.02.02"]
[EventType "swiss"]
[EventRounds "9"]
[EventCountry "RUS"]
[Source "lmi"]
[SourceDate "2008.02.02"]

1. e4 c5 2. Nf3 d6 3. d4 cxd4 4. Nxd4 Nf6 5. Nc3 g6 6. Be3 Bg7 7. f3 O-O 8. Qd2
Nc6 9. g4 Nxd4 10. Bxd4 Be6 11. O-O-O Qa5 12. Kb1 Rfc8 13. a3 Bc4 14. Bxf6 Bxf6
15. Nd5 Qxd2 16. Nxf6+ Kg7 17. Nh5+ gxh5 18. Rxd2 hxg4 19. Bxc4 Rxc4 20. Rg2
Kf6 21. Rxg4 Rac8 22. c3 R4c5 23. Rf4+ Ke6 24. Rg1 Rh5 25. Rg7 f6 26. h4 Rh6
27. Kc2 Rc5 28. Kd3 Rch5 29. Rgg4 Kf7 30. a4 e5 31. Rf5 Rxh4 32. Rg2 Rg6 33.
Rd2 Ke6 34. Ke3 Rh3 35. c4 Rg1 36. b4 Rb1 37. c5 Rb3+ 38. Rd3 Rxd3+ 39. Kxd3 d5
40. Kc2 Rh4 41. Kd3 Rh2 42. b5 Rh3 43. Kc2 dxe4 44. fxe4 Re3 45. Rh5 Rxe4 46.
Rxh7 Rc4+ 47. Kb3 Rxc5 48. Rxb7 e4 49. Rxa7 e3 50. Rh7 e2 51. Rh1 Rg5 52. Re1
f5 53. Kc4 f4 54. b6 Kd7 55. Kd4 Ke8 56. a5 0-1

[Event "4. Moscu Open 2008"]
[Site "Moscu RUS"]
[Date "2008.02.06"]
[Round "5.127"]
[White "Reutsky, Sergei"]
[Black "Benza, Artem"]
[Result "1-0"]
[WhiteElo "2311"]
[BlackElo "2333"]
[PlyCount "61"]
[EventDate "2008.02.02"]
[EventType "swiss"]
[EventRounds "9"]
[EventCountry "RUS"]
[Source "lmi"]
[SourceDate "2008.02.02"]

1. e4 c5 2. Nf3 d6 3. d4 cxd4 4. Nxd4 Nf6 5. Nc3 a6 6. Be3 e6 7. Be2 Nc6 8. O-O
Be7 9. a4 O-O 10. f4 Qc7 11. Kh1 Re8 12. Bf3 Bd7 13. Nb3 b6 14. g4 Bc8 15. g5
Nd7 16. Bg2 Bf8 17. Qh5 g6 18. Qh4 Bg7 19. Rf3 Rb8 20. Rh3 Nf8 21. Rf1 Na5 22.
f5 Bxc3 23. bxc3 exf5 24. Bd4 Nc4 25. Bf6 h5 26. gxh6 Nh7 27. Rg3 fxe4 28. Bd4
Qe7 29. Bf6 Qc7 30. Nd4 d5 31. Ne2 1-0